| 000 | 00734nam a2200265Ia 4500 | ||
|---|---|---|---|
| 003 | OSt | ||
| 005 | 20221007074207.0 | ||
| 006 | a|||||r|||| 00| 0 | ||
| 007 | ta | ||
| 008 | 221006b |||||||| |||| 00| 0 eng d | ||
| 024 | _a4,952 | ||
| 037 | _cTextual | ||
| 040 |
_aFLL _cFLL _beng |
||
| 041 |
_2eng _aeng |
||
| 082 | _aZ3:9298y7, L2 | ||
| 100 |
_aBrett Peter _9683135 |
||
| 245 | 0 | _aCases and materials on administrative law | |
| 250 | _a2nd | ||
| 260 |
_aMelbourne _bButterworths Melbourn _c1972 |
||
| 300 |
_a694p _ccm. |
||
| 650 |
_aAdministrative law _9681514 |
||
| 700 |
_a Hogg Peter W. _9692673 |
||
| 942 |
_hZ3:9298y7, L2 _cTEXL _2CC |
||
| 999 |
_c1151491 _d1151491 |
||